Statistics for F1 Season: 2012 Race Winners

Click here to take the quiz!

General Stats

  • This quiz has been taken 310 times
  • The average score is 19 of 20

Answer Stats

Grand PrixDriver% Correct
HungarianLewis Hamilton
100%
United StatesLewis Hamilton
100%
CanadianLewis Hamilton
100%
ItalianLewis Hamilton
100%
IndianSebastian Vettel
100%
BahrainSebastian Vettel
100%
SingaporeSebastian Vettel
100%
JapaneseSebastian Vettel
100%
KoreanSebastian Vettel
100%
EuropeanFernando Alonso
99%
GermanFernando Alonso
99%
MalaysianFernando Alonso
99%
Abu DhabiKimi Räikkönen
97%
MonacoMark Webber
96%
BritishMark Webber
96%
ChineseNico Rosberg
93%
AustralianJenson Button
92%
BelgianJenson Button
92%
BrazilianJenson Button
92%
SpanishPastor Maldonado
81%

Score Distribution

Percentile by Number Answered

Percent of People with Each Score

Your Score History

You have not taken this quiz